Diriliş Ertuğrul - Statistics

General Stats
  • This quiz has been taken 467 times
  • The average score is 10 of 15
Answer Stats
Question Answer % Correct
Where Ertugrul and Halime are burried? Sogut
80%
Who kills Aliyar Bey? Vasilius
80%
How many children does Bamsi have? 2
73%
What is Gumustekin's daughter's name? Goncagul
73%
Who does Vasilius want to marry? Helena
73%
What does Ertugrul want? Justice
73%
Who's mistake leads to Dogan's death? Dundar Bey
67%
Who saves Ertugrul from the blame of killing Sultan? Ibn Arabi
67%
Ertugrul's second child? Savci
67%
Who kills Omer (Claudius) Titus
67%
Why does Ertugrul leave behind his two brothers? because he wants to choose Allah's path
60%
Who kills Alangoya (Noyan's sister)? Hayme Anna
60%
In which episode Halime Sultan dies? 116
53%
Which alp helps Hachaturyan in Karachaisar castle? Dumrul Alp
53%
Ibn Arabi's homeland? Andalusia
40%
No matching quizzes found
Score Distribution
Percent of People with Each Score
Percentile by Number Answered
Your Score History
You have not taken this quiz